Ideas number 39. (Record no. 15340)

000 -LEADER
fixed length control field 00534nam a2200181 a 4500
001 - CONTROL NUMBER
control field :::00013999$&:&@@
003 - CONTROL NUMBER IDENTIFIER
control field OkBaRHE
005 - DATE AND TIME OF LATEST TRANSACTION
control field 20100331122631.0
008 - FIXED-LENGTH DATA ELEMENTS--GENERAL INFORMATION
fixed length control field s1986 j 000 0 eng u
040 ## - CATALOGING SOURCE
Transcribing agency
100 1# - MAIN ENTRY--PERSONAL NAME
Personal name Rice, Wayne.
245 10 - TITLE STATEMENT
Title Ideas number 39.
260 ## - PUBLICATION, DISTRIBUTION, ETC. (IMPRINT)
Place of publication, distribution, etc El Cajon, CA., :
Name of publisher, distributor, etc Youth Specialties, Inc.
Date of publication, distribution, etc 1986
300 ## - PHYSICAL DESCRIPTION
Extent 55 p. ;
Dimensions 28 cm.
650 ## - SUBJECT ADDED ENTRY--TOPICAL TERM
Topical term or geographic name as entry element Youth Ministry
942 ## - ADDED ENTRY ELEMENTS (KOHA)
Source of classification or shelving scheme
Koha item type Books
Copies
Shelving location Koha item type Date acquired Not for loan Source of classification or shelving scheme Withdrawn status Lost status Price effective from Copy number Permanent Location Damaged status Full call number Date last seen Barcode
General StacksBooks2010-04-14    2010-04-141RHEMA Bible Training College BV 4447 .R53 V.392010-04-1413999